Flags of the Countries of the World Quiz - Statistics

General Stats
  • This quiz has been taken 11 times
  • The average score is 65 of 196
Answer Stats
Picture Answer % Correct
Azerbaijan
100%
Bahrain
100%
Bangladesh
100%
Croatia
100%
Denmark
100%
Japan
100%
Kenya
100%
Kuwait
100%
Libya
100%
Papua New Guinea
100%
Peru
100%
Philippines
100%
Rwanda
100%
Serbia
100%
Vatican City
100%
Venezuela
100%
Albania
67%
Algeria
67%
Angola
67%
Argentina
67%
Armenia
67%
Australia
67%
Belarus
67%
Brazil
67%
Burundi
67%
Cambodia
67%
Canada
67%
Chile
67%
China
67%
Costa Rica
67%
Dominican Republic
67%
Egypt
67%
Estonia
67%
Eswatini
67%
Finland
67%
Georgia
67%
Greece
67%
Iceland
67%
Indonesia
67%
Iraq
67%
Ireland
67%
Ivory Coast
67%
Jamaica
67%
Kosovo
67%
Laos
67%
Lithuania
67%
Marshall Islands
67%
Monaco
67%
Mongolia
67%
Morocco
67%
Myanmar
67%
Netherlands
67%
Oman
67%
Pakistan
67%
Palau
67%
Panama
67%
Poland
67%
Russia
67%
San Marino
67%
Sierra Leone
67%
Singapore
67%
Somalia
67%
South Korea
67%
South Sudan
67%
Spain
67%
Sudan
67%
Syria
67%
Taiwan
67%
Thailand
67%
Tonga
67%
Tunisia
67%
Ukraine
67%
United Arab Emirates
67%
United States
67%
Yemen
67%
Bahamas
33%
Bosnia & Herzegovina
33%
Brunei
33%
Bulgaria
33%
Comoros
33%
Cuba
33%
Czech Republic
33%
Ethiopia
33%
Fiji
33%
France
33%
Germany
33%
Haiti
33%
Hungary
33%
Latvia
33%
Madagascar
33%
Malta
33%
Mexico
33%
New Zealand
33%
North Korea
33%
Portugal
33%
Sri Lanka
33%
Sweden
33%
Switzerland
33%
Trinidad & Tobago
33%
Turkey
33%
Turkmenistan
33%
United Kingdom
33%
Uruguay
33%
Vietnam
33%
Afghanistan
0%
Andorra
0%
Antigua and Barbuda
0%
Austria
0%
Barbados
0%
Belgium
0%
Belize
0%
Benin
0%
Bhutan
0%
Bolivia
0%
Botswana
0%
Burkina Faso
0%
Cameroon
0%
Cape Verde
0%
Central African Republic
0%
Chad
0%
Colombia
0%
Cyprus
0%
Djibouti
0%
Dominica
0%
D.R. Congo
0%
East Timor
0%
Ecuador
0%
El Salvador
0%
Equatorial Guinea
0%
Eritrea
0%
F.S. of Micronesia
0%
Gabon
0%
Gambia
0%
Ghana
0%
Grenada
0%
Guatemala
0%
Guinea
0%
Guinea-Bissau
0%
Guyana
0%
Honduras
0%
India
0%
Iran
0%
Israel
0%
Italy
0%
Jordan
0%
Kazakhstan
0%
Kiribati
0%
Kyrgyzstan
0%
Lebanon
0%
Lesotho
0%
Liberia
0%
Liechtenstein
0%
Luxembourg
0%
Malawi
0%
Malaysia
0%
Maldives
0%
Mali
0%
Mauritania
0%
Mauritius
0%
Moldova
0%
Montenegro
0%
Mozambique
0%
Namibia
0%
Nauru
0%
Nepal
0%
Nicaragua
0%
Niger
0%
Nigeria
0%
North Macedonia
0%
Norway
0%
Paraguay
0%
Qatar
0%
Rep. of the Congo
0%
Romania
0%
Samoa
0%
Sao Tome & Principe
0%
Saudi Arabia
0%
Senegal
0%
Seychelles
0%
Slovakia
0%
Slovenia
0%
Solomon Islands
0%
South Africa
0%
St. Kitts & Nevis
0%
St. Lucia
0%
St. Vincent and the Grenadines
0%
Suriname
0%
Tajikistan
0%
Tanzania
0%
Togo
0%
Tuvalu
0%
Uganda
0%
Uzbekistan
0%
Vanuatu
0%
Zambia
0%
Zimbabwe
0%
No matching quizzes found
Score Distribution
Percent of People with Each Score
Percentile by Number Answered
Your Score History
You have not taken this quiz